UBT Library

Managerial accounting / (Record no. 1339)

000 -LEADER
fixed length control field 00556nam a22001937a 4500
008 - FIXED-LENGTH DATA ELEMENTS--GENERAL INFORMATION
fixed length control field 151023b xxu||||| |||| 00| 0 eng d
020 ## - INTERNATIONAL STANDARD BOOK NUMBER
International Standard Book Number 9780136118893
020 ## - INTERNATIONAL STANDARD BOOK NUMBER
International Standard Book Number 0136118895
041 0# - LANGUAGE CODE
Language code of text/sound track or separate title eng
080 ## - UNIVERSAL DECIMAL CLASSIFICATION NUMBER
Universal Decimal Classification number 658.15
100 1# - Rafti
Rafti Oliver, M. Suzanne.
245 10 - TITLE STATEMENT
Title Managerial accounting /
Statement of responsibility, etc M. Suzanne Oliver, Charles T. Horngren.
250 ## -
-- 1st ed.
260 ## -
-- Boston :
-- Prentice Hall,
-- 2010.
300 ## -
-- 1 v. (various pagings) :
-- me il.;
-- 29 cm.
650 #0 -
-- Kontabilitet menaxherial
700 1# -
-- Horngren, Charles T.,
942 ## - ADDED ENTRY ELEMENTS (KOHA)
Source of classification or shelving scheme
Item type Books
Holdings
Withdrawn status Lost status Source of classification or shelving scheme Damaged status Not for loan Collection code Permanent location Current location Shelving location Date acquired Total Checkouts Full call number Barcode Date last seen Koha item type
          Koleksioni i përgjithshem UBT - Lipjan UBT - Lipjan Koleksioni i përgjithshem 10/23/2015   658.15 OLI 002-008733 10/23/2015 Books
UBT Library © 2015-2024. All rights reserved University Education for Business and Technology